El romanticismo: fijación sicológico social de su concepto, lo romántico en la lírica Hispano-America del siglo XVI a 1970

Uloženo v:
Podrobná bibliografie
Hlavní autor: Lazo, Raimundo (Autor)
Médium: Kniha
Jazyk:španělština
Vydáno: Ciudad de México Porrua 1971
Edice:Sepan cuantos, 184
Témata:
Tagy: Přidat tag
Žádné tagy, Buďte první, kdo vytvoří štítek k tomuto záznamu!

MARC

LEADER 00000nam a2200000 a 4500
001 UCY2450
003 CL-VaPUC
008 941026e19710000MX |||||||||||||||||spa|d
082 0 4 |a H860.9  |b LAZ  |2 21 
100 |a Lazo, Raimundo  |e author  |9 456380 
245 1 3 |a El romanticismo: fijación sicológico social de su concepto, lo romántico en la lírica Hispano-America del siglo XVI a 1970 
300 |a 235 p 
942 |c BK 
945 |d 19941026 00:00:00  |a mfernand 
260 |a Ciudad de México  |b Porrua  |c 1971 
650 0 |a Romanticismo en la literatura  |9 313777 
583 |a last modification  |c 19941026 00:00:00  |k Rodrigo Vera 
490 0 |a Sepan cuantos, 184 
999 |c 230852  |d 230850 
952 |0 0  |1 0  |4 0  |6 H_860_900000000000000_LAZ_1971  |7 0  |8 P  |9 233461  |a BIBARQ  |b BIBARQ  |d 2019-11-15  |i 3027325  |o H860.9 LAZ 1971  |p 3027325  |r 2025-01-20  |w 2019-11-15  |y BK  |k ARQ